Fr. Conceicao Rodrigues College of Engineering

Information technology for Management:Transforming organisation in teh digital economy (Record no. 18797)

MARC details
000 -LEADER
fixed length control field 00459nam a2200181Ia 4500
082 ## - DEWEY DECIMAL CLASSIFICATION NUMBER
Classification number 5.74
Item number TUR
100 ## - MAIN ENTRY--PERSONAL NAME
Personal name Turban/Efrain/ leidner/D
250 ## - EDITION STATEMENT
Edition statement 6
245 ## - TITLE STATEMENT
Title Information technology for Management:Transforming organisation in teh digital economy
260 ## - PUBLICATION, DISTRIBUTION, ETC.
Name of publisher, distributor, etc. Wiley student edition
Date of publication, distribution, etc. 2008
366 ## - TRADE AVAILABILITY INFORMATION
Publishers's discount category 25
300 ## - PHYSICAL DESCRIPTION
Extent 700
546 ## - LANGUAGE NOTE
Language note ENGLISH
650 ## - SUBJECT ADDED ENTRY--TOPICAL TERM
Topical term or geographic name entry element Information technology
654 ## - SUBJECT ADDED ENTRY--FACETED TOPICAL TERMS
Focus term digital economy
942 ## - ADDED ENTRY ELEMENTS (KOHA)
Koha item type BOOK
Holdings
Withdrawn status Lost status Damaged status Not for loan Collection Home library Current library Date acquired Source of acquisition Cost, normal purchase price Inventory number Total Checkouts Full call number Barcode Date last seen Cost, replacement price Price effective from Koha item type
        CRC Fr. Agnel's C.Rodrigues College of Engineering Fr. Agnel's C.Rodrigues College of Engineering 17/03/2023 Allied Publishers 314.25 2719 dt 31/12/009   5.74 TUR 20276 17/03/2023 419.00   BOOK
        CRC Fr. Agnel's C.Rodrigues College of Engineering Fr. Agnel's C.Rodrigues College of Engineering 17/03/2023 Allied Publishers 314.25 2719 dt 31/12/009   5.74 TUR 20277 17/03/2023 419.00   BOOK
        CRC Fr. Agnel's C.Rodrigues College of Engineering Fr. Agnel's C.Rodrigues College of Engineering 17/03/2023 Allied Publishers 314.25 2719 dt 31/12/009   5.74 TUR 20278 17/03/2023 419.00   BOOK
        CRC Fr. Agnel's C.Rodrigues College of Engineering Fr. Agnel's C.Rodrigues College of Engineering 17/03/2023 Allied Publishers 314.25 2719 dt 31/12/009   5.74 TUR 20279 17/03/2023 419.00   BOOK
        CRC Fr. Agnel's C.Rodrigues College of Engineering Fr. Agnel's C.Rodrigues College of Engineering 17/03/2023 Allied Publishers 314.25 2719 dt 31/12/009   5.74 TUR 20280 17/03/2023 419.00   BOOK